000 00868cab a2200289 4500
001 ABS59047
008 090401t1998 xxu||||| |||| 00| 0 eng d
035 _a(Sirsi) u87627
041 _aeng
100 _aMcCartney, I.
245 _aHarmonisation must bring genuine benefits
260 _c1998
350 _a0
490 _aAntiques Trade Gazette
_v18 July 1998, 79(1)
520 _aComment by Trade and Industry Minister,Ian McCartney, on why the government wishes to see a proposal for a Directive to harmonise artists` resale rights defeated.
650 _aART MARKET
650 _aCOMPETITIVENESS
650 _aCOPYRIGHT
650 _aECONOMIC IMPACT
650 _aEUROPEAN COMMUNITY
650 _aHARMONISATION
650 _aIMPORT VAT
650 _aUNITED KINGDOM
690 _aEUROPE-SINGLE MARKET
942 _n0
948 _c24/07/1998
999 _c55282
_d55282